000 01243nam2a22002411 4500
001 rc\4811686
005 20250612190356.0
021 _aRU
_bРг2526-59
035 _a(NLR Aleph) 008796497
090 _a8074232
_c8074232
100 _a20130426d1959 |||y0rusy50 ca
101 0 _arus
102 _aRU
105 _aa z |||||
200 1 _aКинетика роста зерна аустенита
210 _d1959
_aБ. м.
215 _a12 с.
_cил.
461 0 _1001rc\4811681
_12001#$aРуководство к лабораторным работам по курсу "Металловедение"$fСост. канд. техн. наук Л.Е. Шевякина$gМ-во высш. образ. СССР. Урал. политехн. ин-т им. С.М. Кирова. Работа № 1-$vРабота № 6
_1700#1$aШевякина$bЛ.Е.$4220
_98074204
_aШевякина, Л.Е.
_cСвердловск
_d1959-
_fСост. канд. техн. наук Л.Е. Шевякина
_nБ. и.
_tРуководство к лабораторным работам по курсу "Металловедение"
_vРабота № 6
801 0 _aRU
_bNLR
_gpsbo
801 1 _aRU
_bELAR
_2rusmarc
852 _aNLR
_j59-6/2572
942 _cBOOK
980 _aNB